Music Quiz

Random Music or Song Quiz

Beach Boys Songs By Image Quiz Stats

 Plays Quiz not verified by Sporcle

Support Sporcle.
Go Orange.
Score 0/12 Timer 03:00
1 Play Today
% Correct
Surfin'
94.5%
Sun
93.9%
Vibrations
93.6%
It
93.5%
Heroes
91.8%
Califonia
91.7%
Baby
90.4%
Sailor
90.3%
Girl
88.2%
John
85.5%
Pet
81.9%
Cabin
72.1%

You're not logged in!

Compare scores with friends on all Sporcle quizzes.
OR
Log In

From the Vault

Friday and 13: The Clickable Love Story

by nanners

Why not embrace the connection?
Remove Ads.
Support Sporcle.
Get the best of Sporcle when you Go Orange. This ad-free experience offers more features, more stats, and more fun while also helping to support Sporcle. Thank you for becoming a member.

Show Comments

Extras

Top Quizzes Today


Score Distribution

Your Account Isn't Verified!

In order to create a playlist on Sporcle, you need to verify the email address you used during registration. Go to your Sporcle Settings to finish the process.

Report this User

Report this user for behavior that violates our Community Guidelines.

Details: